| 000 | 00401 a2200145 4500 | ||
|---|---|---|---|
| 001 | 169199 | ||
| 020 | _a | ||
| 040 | _cMagnum | ||
| 100 | _aScoz, Beatriz Judith Lima Et Al. | ||
| 240 | 1 | 0 |
_aPsicopedagogia: contextualizacao, formacao e atuacao profissional _lpor |
| 245 | 1 | 0 | _aPsicopedagogia: contextualizacao, formacao e atuacao profissional |
| 362 | 0 | _a1899 | |
| 697 | _aPEDAGOGIA | ||
| 942 | _cBK | ||
| 999 |
_c169199 _d169199 |
||